| 000 | 00823nam0a22002651 4500 | ||
|---|---|---|---|
| 001 | rc\334093 | ||
| 005 | 20030307122651.6 | ||
| 010 |
_a5-7740-0141-5 _91700 |
||
| 035 | _a(NLR Aleph) 005569258 | ||
| 090 |
_a5994330 _c5994330 |
||
| 100 | _a20030307d1989 u |0rusy50 ca | ||
| 101 | 0 | _arus | |
| 102 | _aRU | ||
| 105 | _aa ||||||||| | ||
| 200 | 1 | _aМеталлургические шлаки Донбасса | |
| 210 |
_aДонецк _cДонбас _d1989 |
||
| 215 |
_a78, [2] с. _cил. _d20 |
||
| 320 | _aБиблиогр.: с. 78-79 (18 назв.) | ||
| 700 | 1 |
_aБрызгунов _bК. А. _gКирилл Антонович |
|
| 701 | 1 |
_aГаврилова _bО. Н. _gОльга Николаевна |
|
| 801 | 0 |
_aRU _bNLR _gpsbo |
|
| 801 | 1 |
_aRU _bELAR _2rusmarc |
|
| 852 |
_aNLR _j90-4/4089 |
||
| 942 | _cBOOK | ||
| 980 | _aNB | ||